| 000 | 00541nam a2200193Ia 4500 | ||
|---|---|---|---|
| 005 | 20250508150517.0 | ||
| 008 | 008 250505s9999 xx 000 0 eng d | ||
| 037 | _aTextual | ||
| 040 |
_aFEDL _beng _cFEDL |
||
| 041 |
_aeng _2eng |
||
| 084 |
_a728.6, POL _qFEDL |
||
| 100 |
_aPolkinghorne R K _9756007 |
||
| 245 | 0 | _aOther people's houses | |
| 260 |
_aLondon, UK _bGeorge G Harper and Co Ltd. _c1945 |
||
| 300 | _a136p | ||
| 700 |
_a Polkinghorne M I R _9756863 |
||
| 942 |
_cTEXL _h728.6, POL |
||
| 999 |
_c1323980 _d1323980 |
||